000 00300nam a2200121Ia 4500
005 20260328104333.0
008 260328s9999||||xx |||||||||||||| ||und||
100 _aEscala
245 0 _aEquipamiento :
_b paquetes temáticos /
_cEscala
260 _bEscala
650 _aESPACIO PUBLICO
942 _cBK
999 _c11796
_d11796